De l'Afrique à la France : D’une génération à l’autre (notice n° 1566572)

détails MARC
000 -LEADER
fixed length control field 01525cam a2200133 4500500
005 - DATE AND TIME OF LATEST TRANSACTION
control field 20251214001924.0
041 ## - LANGUAGE CODE
Language code of text/sound track or separate title fre
042 ## - AUTHENTICATION CODE
Authentication code dc
100 10 - MAIN ENTRY--PERSONAL NAME
Personal name Barou, Jacques
Relator term author
245 00 - TITLE STATEMENT
Title De l'Afrique à la France : D’une génération à l’autre
260 ## - PUBLICATION, DISTRIBUTION, ETC.
Name of publisher, distributor, etc. Armand Colin,<br/>
Date of publication, distribution, etc. 2011.<br/>
520 ## - SUMMARY, ETC.
Summary, etc. En dépit de son importance croissante, l’immigration venue d’Afrique subsaharienne est encore peu connue et fait toujours l’objet de nombreux stéréotypes. Cet ouvrage en apporte un éclairage nouveau à partir d’une enquête originale menée auprès de deux générations – les immigrés et leurs enfants nés ou arrivés très jeunes en France –, afin de mieux comprendre la dynamique de leurs destins respectifs.Cette enquête, première du genre, a porté sur tous les aspects de la vie familiale et sociale, la place de l’éducation scolaire et celle de la vie professionnelle ou encore la forme et l’évolution des liens intergénérationnels. Elle prend notamment en compte le sentiment d’identité, entre la France et le pays d’origine, la question des discriminations, les différences d’héritage culturel et social, ses transmissions et mutations.L’ouvrage révèle ainsi une réalité bien éloignée des clichés et apporte un regard neuf, objectif et riche en enseignements sur une immigration complexe, aux trajectoires singulières.
856 41 - ELECTRONIC LOCATION AND ACCESS
Uniform Resource Identifier <a href="https://shs.cairn.info/de-lafrique-a-la-france-dune-generation-a-lautre--9782200255848?lang=fr&redirect-ssocas=7080">https://shs.cairn.info/de-lafrique-a-la-france-dune-generation-a-lautre--9782200255848?lang=fr&redirect-ssocas=7080</a>

Pas d'exemplaire disponible.

PLUDOC

PLUDOC est la plateforme unique et centralisée de gestion des bibliothèques physiques et numériques de Guinée administré par le CEDUST. Elle est la plus grande base de données de ressources documentaires pour les Étudiants, Enseignants chercheurs et Chercheurs de Guinée.

Adresse

627 919 101/664 919 101

25 boulevard du commerce
Kaloum, Conakry, Guinée

Réseaux sociaux

Powered by Netsen Group @ 2025